Fix your problems : (Record no. 101443)

MARC details
000 -LEADER
fixed length control field 00514nam a22001817a 4500
005 - DATE AND TIME OF LATEST TRANSACTION
control field 20160803111206.0
010 ## - LCCN (DPL NO)
LC control number ENG-115514
020 ## - INTERNATIONAL STANDARD BOOK NUMBER
International Standard Book Number 9789350570531
Terms of availability 395.00
035 ## - SYSTEM CONTROL NUMBER
System control number EN-99046
037 ## - SOURCE OF ACQUISITION
Source of stock number/acquisition DBAD/PUB
082 ## - DEWEY DECIMAL CLASSIFICATION NUMBER
Classification number S
100 ## - MAIN ENTRY--PERSONAL NAME
Personal name Goyal, Vishal
245 ## - TITLE STATEMENT
Title Fix your problems :
Statement of responsibility, etc Vishal Goyal
Remainder of title the Tenali Raman way /
260 ## - PUBLICATION, DISTRIBUTION, ETC. (IMPRINT)
Place of publication, distribution, etc New Delhi
Name of publisher, distributor, etc V & S Publishers
Date of publication, distribution, etc 2013
270 ## - ADDRESS
Address F-2/16,Ansari Road,Daryaganj
City New Delhi
Postal code 110002
300 ## - PHYSICAL DESCRIPTION
Extent 226p. :
Dimensions 21cm(pbk)
Other physical details ill
942 ## - ADDED ENTRY ELEMENTS (KOHA)
Source of classification or shelving scheme Dewey Decimal Classification
Item type English Books
Classification part S
Call number suffix TEN
Holdings
Withdrawn status Lost status Not for loan Collection code Home library Current library Date acquired Source of acquisition Cost, normal purchase price Full call number Barcode Copy number Cost, replacement price Koha item type
    Not For Loan Non-fiction D.B.Act.Division Bawana 25/07/2016 DBAD/PUB 135.00 378.170281 BHA EN-99046 1 135.00 English Books

© Delhi Public Library
Hit Counter
free hit counter